[Event "Sherbrooke op C"]
[Site "Sherbrooke"]
[Date "2007.05.26"]
[Round "3"]
[White "Lavigne, Jake"]
[Black "Gareau, Jacques"]
[Result "0-1"]
[WhiteElo "1286"]
[BlackElo "1286"]
[PlyCount "124"]
[EventDate "2007.05.25"]
[EventType "swiss"]
[EventRounds "5"]
[EventCountry "CAN"]
[SourceTitle "EXT 2022"]
[Source "ChessBase"]
[SourceDate "2021.10.06"]
[SourceVersion "1"]
[SourceVersionDate "2021.10.06"]
[SourceQuality "1"]

1. e4 e5 2. Nf3 Nc6 3. Nc3 d6 4. d4 Qf6 5. Be3 h6 6. Bb5 Bd7 7. 0-0 g6 8. Nd5 Qd8 9. c3 Nf6 10. Nb4 Nxb4 11. Bxd7+ Nxd7 12. cxb4 Bg7 13. Rc1 0-0 14. Qc2 Rc8 15. d5 a6 16. h3 Kh7 17. Nd2 c6 18. Rfd1 cxd5 19. Qxc8 Qxc8 20. Rxc8 Rxc8 21. exd5 f5 22. f3 f4 23. Bf2 Nf6 24. Nf1 Rc2 25. Rd2 Rxd2 26. Nxd2 Nxd5 27. a3 Bf8 28. g3 g5 29. Kg2 Nf6 30. a4 Kg7 31. b5 axb5 32. axb5 Kf7 33. Nb3 Nd7 34. Na5 b6 35. Nb7 Ke6 36. Nd8+ Kd5 37. b3 Nc5 38. h4 fxg3 39. Kxg3 gxh4+ 40. Kxh4 Be7+ 41. Kh5 Bxd8 42. Kxh6 Nxb3 43. Kg6 Nd4 44. Bxd4 exd4 45. Kf7 d3 46. Ke8 Bg5 47. Kd7 Kc5 48. Kc7 d2 49. f4 Bxf4 50. Kb7 d1Q 51. Ka6 Qa4+ 52. Kb7 Qxb5 53. Kc7 Qc6+ 54. Kd8 d5 55. Ke7 d4 56. Kf7 Kd5 57. Ke7 Ke5 58. Kf7 Bg5 59. Kf8 Kf6 60. Kg8 Qe8+ 61. Kh7 Qg6+ 62. Kh8 Qg7# 0-1